Paroles "Notre chère Russie" Nino Ferer - Statistiques

Statistiques générales
  • Ce quiz a été pris 6 fois
  • Le résultat moyen est 21 sur 53
Statistiques - réponses
Définitions Paroles % Correct
Politicien - Léonid Brejnev
100%
Politicien - Mikhaïl Gorbatchev
100%
Bagne russe Goulag
100%
Alcool russe Vodka
100%
Cosmonaute - Youri Gagarine
75%
Vladmir Illitch Lénine
75%
Programme spatial Spoutnik
75%
Iossif Djougachvili Staline
75%
Centrale accidentée Tchernobyl
75%
Lac de Russie Baïkal
50%
Instrument à cordes Balalaïka
50%
Russe communiste Bolchevik
50%
Théâtre de Moscou Bolchoï
50%
Montagnes de Russie Caucase
50%
Oeufs de poisson Caviar
50%
Ecrivain - Fiodor Dostoïevski
50%
Politicien - Boris Eltsine
50%
Célèbre docteur Jivago
50%
Politicien - Nikita Khrouchtchev
50%
Centième du rouble Kopeck
50%
Cocktail explosif Molotov
50%
Fleuve de Russie Neva
50%
Non non Niet Niet
50%
Montagnes de Russie Oural
50%
"Reconstruction" en russe Perestroïka
50%
Fleuve russe Volga
50%
Mer russe Aral
25%
Cosmodrome Baïkonour
25%
Petites galettes Blinis
25%
"Transparence" en russe Glasnost
25%
Ecrivain - Mikhaïl Lermontov
25%
Paysan russe Moujik
25%
"Rien" en russe Nitchevo
25%
Nageur - Alexander Popov
25%
Ecrivain - Alexandre Pouchkine
25%
"Vérité" en russe Pravda
25%
Guérisseur - Grigori Raspoutine
25%
Ancienne capitale Saint-Petersbourg
25%
Plus haute institution législative de l'URSS Soviet suprême
25%
Ecrivain - Anton Tchekhov
25%
Lev Bronstein Trotski
25%
Pays devenu indépendant autour de Kiev Ukraine
25%
Port de Russie Vladivostock
25%
Montagnes de Russie Altaï
0%
Héroïne de Tolstoï Anna Karanine
0%
Membre du PC de haut niveau Apparatchik
0%
Lieu d'une révolte Cuirassé Potemkine
0%
"Monsieur" en russe Gospodine
0%
Exploitation agricole Kolkhoze
0%
Compositeur - Sergueï Rachmaninov
0%
Ecrivain - Alexandre Soljenitsine
0%
Ferme d'Etat Sovkhoze
0%
Edit du tsar Ukase
0%
Aucun quiz correspondant
Distribution des résultats
% des personnes avec chaque résultat
Percentile par nombre de réponses
Votre historique - résultats
Vous n’avez pas pris ce quiz